000 00726nam a2200289Ia 4500
005 20260324124937.0
008 008 260324s9999 xx 000 0 eng d
020 _a9781315613925
037 _aEBOOK
040 _aCRL
040 _beng
040 _cCRL
041 _2eng
041 _aeng
084 _qCRL
100 _aJames Thomas Tucker
_91176104
245 4 _aThe Battle Over Bilingual Ballots
245 0 _bLanguage Minorities and Political Access Under the Voting Rights Act
260 _bTaylor and Francis
260 _c2009
365 _a
365 _b280
856 _uhttp://www.taylorfrancis.com/books/9781315613925
942 _cEBOOK
999 _c1770924
_d1770924